عرض عادي
عرض مارك
- Ankrah, Nii.
مدخل إسم شخص
001 - رقم الضبط
- حقل الضبط: 44658
003 - معرف رقم الضبط
- حقل الضبط: OSt
005 - تاريخ ووقت أخر عملية
- حقل الضبط: 20140511124418.0
008 - عناصر بيانات ثابتة الطول
- حقل تحكم ثابت الطول: 140511|||a|||||| | ||| d
040 ## - مصدر الفهرسة
- هيئة الفهرسة الأصلية: OSt
- وكالة الكتابة: OSt
100 ## - مدخل -- أسم شخص
- إسم شخص: Ankrah, Nii.
- مصطلح الرابط: Co-author.
670 ## - بيانات المصدر موجوده
- الاستشهاد بالمصدر: Work cat.: (OSt)0: Potts, Keith F. 44653, Construction cost management :, 2013.
